Archero Heroes - Statistics

General Stats
  • This quiz has been taken 7 times
    2 since last reset
  • The average score is 10 of 28
Answer Stats
Answer % Correct
Phoren
100%
Urasil
100%
Atreus
50%
Ayana
50%
Bobo
50%
Dragon Girl
50%
Gugu
50%
Helix
50%
Meowgik
50%
Onir
50%
Rolla
50%
Ryan
50%
Shade
50%
Shingen
50%
Sylvan
50%
Taranis
50%
Wukong
50%
Aquea
0%
Blazo
0%
Bonnie
0%
Elaine
0%
Iris
0%
Lina
0%
Melinda
0%
Ophelia
0%
Shari
0%
Stella
0%
Taiga
0%
No matching quizzes found
Score Distribution
Percent of People with Each Score
Percentile by Number Answered
Your Score History
You have not taken this quiz since the last reset